<?xml version="1.0" encoding="UTF-8"?>
<record
    xmlns:xsi="http://www.w3.org/2001/XMLSchema-instance"
    xsi:schemaLocation="http://www.loc.gov/MARC21/slim http://www.loc.gov/standards/marcxml/schema/MARC21slim.xsd"
    xmlns="http://www.loc.gov/MARC21/slim">

  <leader>00951nam a2200265 a 4500</leader>
  <controlfield tag="003">CO-BoRNBP</controlfield>
  <controlfield tag="005">20241105162525.0</controlfield>
  <controlfield tag="007">ta</controlfield>
  <controlfield tag="008">180507s2015    ck ao  gr     000 0 spa d</controlfield>
  <datafield tag="020" ind1=" " ind2=" ">
    <subfield code="a">9789584680594</subfield>
  </datafield>
  <datafield tag="040" ind1=" " ind2=" ">
    <subfield code="a">CO-BoBLA </subfield>
    <subfield code="b">spa </subfield>
    <subfield code="c">CO-BoBLA</subfield>
    <subfield code="e">rda</subfield>
  </datafield>
  <datafield tag="082" ind1="0" ind2="4">
    <subfield code="a">792.8 </subfield>
    <subfield code="b">R63t </subfield>
  </datafield>
  <datafield tag="100" ind1="1" ind2=" ">
    <subfield code="a">Rodr&#xED;guez Duarte, Luis Emilio.</subfield>
    <subfield code="9">31271</subfield>
  </datafield>
  <datafield tag="245" ind1="1" ind2="0">
    <subfield code="a">Trazos, tintas y talentos : </subfield>
    <subfield code="b">c&#xF3;mo germinan los sue&#xF1;os en ni&#xF1;os y j&#xF3;venes metenses / </subfield>
    <subfield code="c">Luis Emilio Rodr&#xED;guez Duarte, Alcides Antonio J&#xE1;uregui Bautista.</subfield>
  </datafield>
  <datafield tag="250" ind1=" " ind2=" ">
    <subfield code="a">Primera edici&#xF3;n</subfield>
  </datafield>
  <datafield tag="300" ind1=" " ind2=" ">
    <subfield code="a">76 p&#xE1;ginas : </subfield>
    <subfield code="b">ilustraciones, fotograf&#xED;as ; </subfield>
    <subfield code="c">27 cm.</subfield>
  </datafield>
  <datafield tag="336" ind1=" " ind2=" ">
    <subfield code="2">rdacontenido</subfield>
    <subfield code="a">texto</subfield>
    <subfield code="b">txt</subfield>
  </datafield>
  <datafield tag="337" ind1=" " ind2=" ">
    <subfield code="2">rdamedio</subfield>
    <subfield code="a">sin mediaci&#xF3;n</subfield>
    <subfield code="b">n</subfield>
  </datafield>
  <datafield tag="338" ind1=" " ind2=" ">
    <subfield code="2">rdasoporte</subfield>
    <subfield code="a">volumen</subfield>
    <subfield code="b">nc</subfield>
  </datafield>
  <datafield tag="650" ind1=" " ind2="7">
    <subfield code="a">Danza</subfield>
    <subfield code="x"> Ense&#xF1;anza.</subfield>
    <subfield code="2">BLAAUTO</subfield>
    <subfield code="9">43580</subfield>
  </datafield>
  <datafield tag="650" ind1=" " ind2="7">
    <subfield code="a">Folclor</subfield>
    <subfield code="x"> Ense&#xF1;anza.</subfield>
    <subfield code="2">BLAAUTO</subfield>
    <subfield code="9">43581</subfield>
  </datafield>
  <datafield tag="700" ind1="1" ind2=" ">
    <subfield code="a">J&#xE1;uregui Bautista, Alcides Antonio.</subfield>
    <subfield code="9">43582</subfield>
  </datafield>
  <datafield tag="942" ind1=" " ind2=" ">
    <subfield code="2">ddc</subfield>
    <subfield code="c">BK</subfield>
  </datafield>
  <datafield tag="949" ind1=" " ind2=" ">
    <subfield code="a">c </subfield>
    <subfield code="b">n</subfield>
  </datafield>
  <datafield tag="999" ind1=" " ind2=" ">
    <subfield code="c">38518</subfield>
    <subfield code="d">38518</subfield>
  </datafield>
  <datafield tag="952" ind1=" " ind2=" ">
    <subfield code="0">0</subfield>
    <subfield code="1">0</subfield>
    <subfield code="2">ddc</subfield>
    <subfield code="4">0</subfield>
    <subfield code="7">0</subfield>
    <subfield code="8">GEN</subfield>
    <subfield code="a">MEGUAMAL</subfield>
    <subfield code="b">MEGUAMAL</subfield>
    <subfield code="c">LIT</subfield>
    <subfield code="d">2024-11-05</subfield>
    <subfield code="e">Literatura Regional</subfield>
    <subfield code="l">0</subfield>
    <subfield code="o">792.8 R63t</subfield>
    <subfield code="p">GUA004400</subfield>
    <subfield code="r">2024-11-05 16:27:20</subfield>
    <subfield code="t">Ej.1</subfield>
    <subfield code="w">2024-11-05</subfield>
    <subfield code="y">BK</subfield>
  </datafield>
  <datafield tag="952" ind1=" " ind2=" ">
    <subfield code="0">0</subfield>
    <subfield code="1">0</subfield>
    <subfield code="2">ddc</subfield>
    <subfield code="4">0</subfield>
    <subfield code="7">0</subfield>
    <subfield code="8">GEN</subfield>
    <subfield code="a">MEGUAMAL</subfield>
    <subfield code="b">MEGUAMAL</subfield>
    <subfield code="c">LIT</subfield>
    <subfield code="d">2024-11-05</subfield>
    <subfield code="e">Literatura Regional</subfield>
    <subfield code="l">0</subfield>
    <subfield code="o">792.8 R63t</subfield>
    <subfield code="p">GUA004401</subfield>
    <subfield code="r">2024-11-05 16:27:20</subfield>
    <subfield code="t">Ej.1</subfield>
    <subfield code="w">2024-11-05</subfield>
    <subfield code="y">BK</subfield>
  </datafield>
  <datafield tag="952" ind1=" " ind2=" ">
    <subfield code="0">0</subfield>
    <subfield code="1">0</subfield>
    <subfield code="4">0</subfield>
    <subfield code="7">0</subfield>
    <subfield code="8">InfPoTi</subfield>
    <subfield code="a">MEVIGERR</subfield>
    <subfield code="b">MEVIGERR</subfield>
    <subfield code="c">SInf</subfield>
    <subfield code="d">2019-10-25</subfield>
    <subfield code="o">362.70986194 R62t</subfield>
    <subfield code="p">ECA27708</subfield>
    <subfield code="r">2024-11-26 09:17:25</subfield>
    <subfield code="t">Ej.4</subfield>
    <subfield code="w">2024-11-26</subfield>
    <subfield code="y">BK</subfield>
    <subfield code="z">19665 | 25223</subfield>
  </datafield>
  <datafield tag="952" ind1=" " ind2=" ">
    <subfield code="0">0</subfield>
    <subfield code="1">0</subfield>
    <subfield code="4">0</subfield>
    <subfield code="7">0</subfield>
    <subfield code="8">FPatriMeta</subfield>
    <subfield code="a">MEVIGERR</subfield>
    <subfield code="b">MEVIGERR</subfield>
    <subfield code="c">LOCAL</subfield>
    <subfield code="d">2017-07-25</subfield>
    <subfield code="o">362.70986194 R62t</subfield>
    <subfield code="p">ECA26108</subfield>
    <subfield code="r">2024-11-26 09:17:25</subfield>
    <subfield code="t">Ej.1</subfield>
    <subfield code="w">2024-11-26</subfield>
    <subfield code="y">BK</subfield>
    <subfield code="z">19665 | 25220</subfield>
  </datafield>
  <datafield tag="952" ind1=" " ind2=" ">
    <subfield code="0">0</subfield>
    <subfield code="1">0</subfield>
    <subfield code="4">0</subfield>
    <subfield code="7">0</subfield>
    <subfield code="8">FPatriMeta</subfield>
    <subfield code="a">MEVIGERR</subfield>
    <subfield code="b">MEVIGERR</subfield>
    <subfield code="c">LOCAL</subfield>
    <subfield code="d">2019-10-25</subfield>
    <subfield code="o">362.70986194 R62t</subfield>
    <subfield code="p">ECA27706</subfield>
    <subfield code="r">2024-11-26 09:17:25</subfield>
    <subfield code="t">Ej.2</subfield>
    <subfield code="w">2024-11-26</subfield>
    <subfield code="y">BK</subfield>
    <subfield code="z">19665 | 25221</subfield>
  </datafield>
  <datafield tag="952" ind1=" " ind2=" ">
    <subfield code="0">0</subfield>
    <subfield code="1">0</subfield>
    <subfield code="4">0</subfield>
    <subfield code="7">0</subfield>
    <subfield code="8">InfPoTi</subfield>
    <subfield code="a">MEVIGERR</subfield>
    <subfield code="b">MEVIGERR</subfield>
    <subfield code="c">SInf</subfield>
    <subfield code="d">2019-10-25</subfield>
    <subfield code="o">362.70986194 R62t</subfield>
    <subfield code="p">ECA27707</subfield>
    <subfield code="r">2024-11-26 09:17:25</subfield>
    <subfield code="t">Ej.3</subfield>
    <subfield code="w">2024-11-26</subfield>
    <subfield code="y">BK</subfield>
    <subfield code="z">19665 | 25222</subfield>
  </datafield>
  <datafield tag="952" ind1=" " ind2=" ">
    <subfield code="0">0</subfield>
    <subfield code="1">0</subfield>
    <subfield code="2">ddc</subfield>
    <subfield code="4">0</subfield>
    <subfield code="7">0</subfield>
    <subfield code="8">GEN</subfield>
    <subfield code="a">MEPLOPEZ</subfield>
    <subfield code="b">MEPLOPEZ</subfield>
    <subfield code="c">LOCAL</subfield>
    <subfield code="d">2025-10-14</subfield>
    <subfield code="l">0</subfield>
    <subfield code="o">792.8  R63t </subfield>
    <subfield code="p">PLZ03260</subfield>
    <subfield code="r">2025-10-14 18:14:46</subfield>
    <subfield code="t">Ej.1</subfield>
    <subfield code="w">2025-10-14</subfield>
    <subfield code="y">BK</subfield>
  </datafield>
  <datafield tag="952" ind1=" " ind2=" ">
    <subfield code="0">0</subfield>
    <subfield code="1">0</subfield>
    <subfield code="2">ddc</subfield>
    <subfield code="4">0</subfield>
    <subfield code="7">0</subfield>
    <subfield code="8">GEN</subfield>
    <subfield code="a">MEPLOPEZ</subfield>
    <subfield code="b">MEPLOPEZ</subfield>
    <subfield code="c">LOCAL</subfield>
    <subfield code="d">2025-10-16</subfield>
    <subfield code="l">0</subfield>
    <subfield code="o">792.8  R63t </subfield>
    <subfield code="p">PLZ03330</subfield>
    <subfield code="r">2025-10-16 13:26:56</subfield>
    <subfield code="t">Ej.2</subfield>
    <subfield code="w">2025-10-16</subfield>
    <subfield code="y">BK</subfield>
  </datafield>
</record>
